| 000 | 02182cam a22004331i 4500 | ||
|---|---|---|---|
| 003 | SA-RiAUC | ||
| 005 | 20241125065803.0 | ||
| 008 | 241124s1999 ku g b f00000 ara c | ||
| 020 | _a9990600155 | ||
| 040 |
_aSA-RiAUC _bara _cSA-RiAUC _erda |
||
| 041 | 1 |
_aara _heng |
|
| 043 |
_ama----- _ae------ |
||
| 050 | 4 | _b.R36125 1999 | |
| 082 | 0 | 4 |
_a398.209 _qSA-RiAUC |
| 090 |
_a398.209 _bر ا ن |
||
| 100 | 1 |
_aرانيلا، أ. ل. _eمؤلف. |
|
| 240 | 1 | 4 |
_aThe past we share : the Near Eastern ancestry of Western folk literature. _lArabic |
| 245 | 1 | 2 |
_aالماضي المشترك بين العرب والغرب : _bأصول الآداب الشعبية الغربية / _cأ. ل. رانيلا ؛ ترجمة نبيلة إبراهيم ؛ مراجعة فاطمة موسى. |
| 250 | _aالطبعة الأولى. | ||
| 264 | 1 |
_aالكويت : _bالمجلس الوطني للثقافة والفنون والآداب، _c1999 |
|
| 264 | 3 |
_a[مكان الطبع غير محدد] : _bمطابع الرسالة |
|
| 300 |
_a415 صفحة ؛ _c24 سم. |
||
| 336 |
_aنص _btxt _2rdacontent _3كتاب |
||
| 337 |
_aبدون وسيط _bn _2rdamedia |
||
| 338 |
_aمجلد _bnc _2rdacarrier |
||
| 490 | 0 |
_aعالم المعرفة / المجلس الوطني للثقافة والفنون والآداب (الكويت) ؛ _v241 |
|
| 504 | _aببليوجرافية : صفحة 399-404. | ||
| 504 | _aيشتمل على إرجاعات ببليوجرافية. | ||
| 650 | 7 |
_aالأدب الشعبي _zأوروبا _xتاريخ ونقد _2aucsh |
|
| 650 | 7 |
_aالأدب الشعبي العربي _xتاريخ ونقد _2aucsh |
|
| 650 | 7 |
_aالأدب الإنجليزي _xتأثيرات عربية _2aucsh |
|
| 700 | 1 |
_aإبراهيم، نبيلة _eمترجم. |
|
| 700 | 1 |
_aموسى، فاطمة، _d1927-2007 _eمراجع. |
|
| 700 | 1 | 2 |
_iترجمة لـ : _aرانيلا، أ. ل. _tThe past we share : the Near Eastern ancestry of Western folk literature. |
| 830 | 0 |
_aعالم المعرفة (المجلس الوطني للثقافة والفنون والآداب) _v241 |
|
| 942 |
_2ddc _cBOOK _n0 |
||
| 949 |
_aSA-JeALM _d241124 _umohamedma123 _n1 |
||
| 999 |
_c2757 _d2757 |
||